MARC

LEADER 00000nam0a2200000 4500
001 267392
005 20231101234058.0
035 |a (RuTPU)RU\TPU\book\290449 
090 |a 267392 
100 |a 20140728d1985 k y0rusy50 ca 
101 0 |a rus 
102 |a RU 
105 |a a z 001zy 
200 1 |a Эксплуатация скважин механизированным способом  |e сборник научных трудов  |f Всесоюзный нефтегазовый научно-исследовательский институт (ВНИИ) ; под ред. М. Ф. Путилова 
210 |a Москва  |c Изд-во ВНИИ  |d 1985 
215 |a 172 с.  |c ил. 
225 1 |a Труды ВНИИ  |v Вып. 93 
320 |a Библиогр. в конце ст. 
606 1 |a Нефтяные скважины  |x Эксплуатация  |2 stltpush  |3 (RuTPU)RU\TPU\subj\71452  |9 85352 
610 1 |a эксплуатация 
610 1 |a механизированный способ 
610 1 |a дисперсные системы 
610 1 |a обработка 
610 1 |a пласты 
610 1 |a гидровзрывы 
675 |a 622.276.5  |v 3 
702 1 |a Путилов  |b М. Ф.  |4 340 
712 0 2 |a Всесоюзный нефтегазовый научно-исследовательский институт (ВНИИ)  |c (Москва)  |c (1953-1987)  |2 stltpush  |3 (RuTPU)RU\TPU\col\11487 
801 1 |a RU  |b 63413507  |c 20140728 
801 2 |a RU  |b 63413507  |c 20191205  |g RCR 
942 |c BK